Australian standard method of measurement of building works, published by The Master Builders` Federation of Australia (Record no. 94467)

MARC details
000 -LEADER
fixed length control field 00604cam a2200193 4500
001 - CONTROL NUMBER
control field D1144
008 - FIXED-LENGTH DATA ELEMENTS--GENERAL INFORMATION
fixed length control field 090401t1959 xxu||||| |||| 00| 0 eng d
035 ## - SYSTEM CONTROL NUMBER
System control number (Sirsi) u62679
041 ## - LANGUAGE CODE
Language code of text/sound track or separate title eng
050 ## - LIBRARY OF CONGRESS CALL NUMBER
Classification number 692.30994
110 ## - MAIN ENTRY--CORPORATE NAME
Corporate name or jurisdiction name as entry element Australian Institute of Quantity Surveyors
9 (RLIN) 2261
245 ## - TITLE STATEMENT
Title Australian standard method of measurement of building works, published by The Master Builders` Federation of Australia
260 ## - PUBLICATION, DISTRIBUTION, ETC.
Place of publication, distribution, etc. Crows Nest, New South Wales
Name of publisher, distributor, etc. The Institute
Date of publication, distribution, etc. 1959
300 ## - PHYSICAL DESCRIPTION
Extent iv. 59p. 23cm
350 ## - PRICE (NR) (BK AM CF MU VM SE) [OBSOLETE]
Price 1.5
520 ## - SUMMARY, ETC.
Summary, etc. Filed at SMM 1959/1BCDEF
942 ## - ADDED ENTRY ELEMENTS (KOHA)
Suppress in OPAC 0
948 ## - LOCAL PROCESSING INFORMATION (OCLC); SERIES PART DESIGNATOR (RLIN)
c (OCLC) 04/03/1997
Holdings
Withdrawn status Lost status Source of classification or shelving scheme Damaged status Not for loan Home library Current library Shelving location Date acquired Cost, normal purchase price Total Checkouts Full call number Barcode Date last seen Copy number Cost, replacement price Price effective from Koha item type
    Other/Generic Classification Scheme     London London Basement 15/01/1992 1.50   SMM - BASEMENT 30032131 06/08/2019 1 1.50 06/08/2019 Book
    Other/Generic Classification Scheme     London London Basement 15/01/1992 1.50   SMM - BASEMENT 30032134 06/08/2019 1 1.50 06/08/2019 Book
    Other/Generic Classification Scheme     London London Basement 15/01/1992 1.50   SMM - BASEMENT 30032135 06/08/2019 1 1.50 06/08/2019 Book
    Other/Generic Classification Scheme     London London Basement 15/01/1992 1.50   SMM - BASEMENT 30032139 06/08/2019 1 1.50 06/08/2019 Book
    Other/Generic Classification Scheme     London London Basement 15/01/1992 1.50   SMM - BASEMENT 30032143 06/08/2019 1 1.50 06/08/2019 Reference material